| 000 | 01975cam a22005054i 4500 | ||
|---|---|---|---|
| 003 | PE-LiUPU | ||
| 005 | 20250731173509.0 | ||
| 008 | 150616s r 000 0 d | ||
| 035 | _a(Sirsi) a7173 | ||
| 040 |
_aPE-LiUPU _bspa _cPE-LiUPU _erda |
||
| 049 | _aPRUA | ||
| 082 | 0 | 4 |
_a225.07 _bNIGTC _221 |
| 100 | 1 |
_aO'brien, Peter T., _eautor. |
|
| 245 | 1 | 0 |
_aPhilippians : _ba commentary on the greek text. _n50 / _cPeter T. O'brien. |
| 264 | 1 |
_aGrand Rapids, Michigan : _bWilliam B. Eerdmans Publishing Company, _c1991. |
|
| 300 |
_a597 páginas ; _c24 cm. |
||
| 336 |
_atext _2rdacontent |
||
| 337 |
_aunmediated _2rdamedia |
||
| 338 |
_avolume _2rdacarrier |
||
| 490 | 0 | _aThe New International Greek Testament Commentary | |
| 504 | _aBibliografía: páginas XXII-XLI. | ||
| 505 | 0 | _aComentario completo de Filipenses Filipenses. | |
| 526 | _aSEG42 | ||
| 526 | _aSEG41 | ||
| 526 | _aSEG40 | ||
| 526 | _aSEG39 | ||
| 526 | _aP94 | ||
| 526 | _aP87 | ||
| 526 | _aP86 | ||
| 526 | _aP85 | ||
| 526 | _aP77 | ||
| 526 | _aP76 | ||
| 526 | _aP35 | ||
| 630 |
_aBiblia. _pN.T. _pFilipenses _xComentarios. |
||
| 910 |
_ajck _bjvq _cjck |
||
| 942 |
_2ddc _cBOOK |
||
| 949 |
_a225.07 NIGTC 11 _wDEWEY _c1 _i37846 _lCCODEBUL1 _mBUL _p00.00 _r0 _sY _tBOOK _u2015-04-23 _xBIBLIOTECA _zUNKNOWN _0COMPRA _o.STAFF. Colección General |
||
| 949 |
_a225.07 NIGTC 11 _wDEWEY _c2 _i40601 _lCCODEBUL1 _mBUL _p00.00 _r0 _sY _tBOOK _u19960215 _xTEOLOGIA _zUNKNOWN _0COMPRA _o.STAFF. Colección General |
||
| 994 |
_aC0 _bPEPRU |
||
| 596 | _a1 | ||
| 999 |
_a225.07 NIGTC 11 _wDEWEY _c58387 _i37846 _f2021-11-9 _g5 _lCCODEBUL1 _mBUL _r0 _sY _tBOOK _u2015-4-23 _xTEOLOGIA _zUNKNOWN _0COMPRA _o.STAFF. Colección General _d58387 |
||
| 999 |
_a225.07 NIGTC 11 _wDEWEY _c2 _i40601 _f2021-11-9 _g5 _lCCODEBUL1 _mBUL _r0 _sY _tBOOK _u2015-6-16 _xTEOLOGIA _zUNKNOWN _0COMPRA _o.STAFF. Colección General |
||
| 980 |
_81 _gALBERTO SANCHEZ Responsable de Automatización |
||